Vincitori Premio alla carriera del Festival di Sanremo - Statistics

Statistiche generali
  • Questo quiz è stato fatto 41 volte
  • Il punteggio medio è 10 su 26
Statistiche sulle risposte
Anno Vincitore Premio alla carriera Città di Sanremo % Corretto
2011 Gianni Morandi
65%
2003 Nilla Pizzi
65%
2010 Nilla Pizzi
65%
2013 Toto Cutugno, Ricchi e Poveri, Al Bano e Pippo Baudo
65%
1999 Ornella Vanoni
61%
2020 Ricchi e Poveri
57%
2001 Domenico Modugno
52%
2008 Nicola Piovani e Loredana Bertè
52%
2021 Fiorello
48%
2023 Måneskin e Peppino di Capri
48%
2022 Amadeus
43%
2004 Gino Paoli
43%
2018 Milva
39%
2002 Carlo Alberto Rossi e Roberto Murolo
35%
2007 Armando Trovajoli
30%
2019 Pino Daniele
30%
2006 Riccardo Cocciante
30%
2000 Tony Renis
30%
2016 Aldo, Giovanni e Giacomo
26%
2024 Gaetano Castelli
26%
2017 Giorgio Moroder e Rita Pavone
22%
2009 Mino Reitano
22%
2005 Vasco Rossi
22%
2015 Pino Donaggio e Giorgio Panariello
17%
2014 Renzo Arbore
17%
2012 Gianmarco Mazzi e Lucio Presta
4%
Nessun quiz corrispondente trovato
Distribuzione punteggi
Percentuale di utenti per punteggio
Percentile per numero di risposta
I tuoi punteggi nel tempo
Non hai fatto questo quiz